[Event "Seefeld-Casino op 19th"]
[Site "Seefeld/Tirol (5.9.-13.9)"]
[Date "2008.09.08"]
[Round "4.5"]
[White "Schnitzspan, Lothar"]
[Black "Knechtel, Roland"]
[Result "1-0"]
[WhiteElo "2240"]
[BlackElo "2169"]
[PlyCount "81"]
[EventDate "2008.09.??"]
[EventType "swiss"]
[EventRounds "9"]
[Source "Ganslmayer"]
[SourceDate "2010.03.14"]

1. Nf3 d5 2. g3 c6 3. Bg2 Bg4 4. c4 e6 5. O-O Nd7 6. cxd5 exd5 7. d3 Ngf6 8.
Nc3 Be7 9. h3 Bh5 10. Qc2 O-O 11. b3 Re8 12. Bb2 Bb4 13. a3 Bd6 14. Rfe1 Rc8
15. e4 dxe4 16. dxe4 Qc7 17. Nd4 Be5 18. Nf3 Bxf3 19. Bxf3 Nf8 20. Bg2 Bd4 21.
Rad1 Ne6 22. Kh2 Qb8 23. e5 Nd5 24. Nxd5 cxd5 25. Qd2 Bxb2 26. Qxb2 d4 27. Bd5
Rc5 28. Bxe6 fxe6 29. Qxd4 Rd5 30. Qg4 Qd8 31. Qf3 Rxd1 32. Rxd1 Qb6 33. Rd6
Qc5 34. Kg2 Qxe5 35. Rd7 Rf8 36. Qxb7 a5 37. Rd3 Rb8 38. Qc6 h6 39. Rd6 Rxb3
40. Rxe6 Qf5 41. Qc8+ 1-0

[Event "Seefeld-Casino op 19th"]
[Site "Seefeld/Tirol (5.9.-13.9)"]
[Date "2008.09.08"]
[Round "4.6"]
[White "Ballon, Guenther Jan"]
[Black "Lang, Ferdinand(49)"]
[Result "0-1"]
[WhiteElo "1999"]
[BlackElo "1968"]
[PlyCount "118"]
[EventDate "2008.09.??"]
[EventType "swiss"]
[EventRounds "9"]
[Source "Ganslmayer"]
[SourceDate "2010.03.14"]
[WhiteTeam "NED(Niederlande)"]
[BlackTeam "Bad Wimpfen SC"]
[WhiteTeamCountry "NED"]

1. d4 Nf6 2. c4 c5 3. d5 b5 4. cxb5 a6 5. bxa6 Bxa6 6. Nc3 d6 7. Nf3 g6 8. e4
Bxf1 9. Kxf1 Bg7 10. g3 O-O 11. Kg2 Na6 12. Rb1 Qa5 13. Bd2 Rfb8 14. Qe2 Nd7
15. Rhc1 Nc7 16. a3 Rb7 17. Ne1 Rab8 18. Rc2 Rb3 19. Nd3 Qa8 20. Nc1 R3b6 21.
b3 e6 22. dxe6 fxe6 23. a4 d5 24. Nd1 c4 25. b4 Qxa4 26. Ra2 Qc6 27. Rc2 Nb5
28. Be3 d4 29. Qxc4 Qxc4 30. Rxc4 dxe3 31. Rb3 exf2 32. Nxf2 Ne5 33. Rc5 Nd4
34. Rb1 Rxb4 35. Rxb4 Rxb4 36. Rc8+ Bf8 37. Ncd3 Nxd3 38. Nxd3 Rb5 39. Rd8 Nc6
40. Rc8 Ne7 41. Rc7 Kf7 42. h4 Bg7 43. Rd7 Be5 44. Rd8 Bc3 45. Kf3 Rb1 46. Ra8
Bd4 47. Ra4 Nc6 48. Kg2 Rd1 49. Nf4 Ne5 50. Ne2 Be3 51. Ra2 Rd2 52. Rxd2 Bxd2
53. Kf2 Nd3+ 54. Kf3 Ne5+ 55. Kf2 Nc6 56. Ng1 Nd4 57. Nh3 Kf6 58. Kf1 Ke5 59.
Nf2 h5 0-1

[Event "Seefeld-Casino op 19th"]
[Site "Seefeld/Tirol (5.9.-13.9)"]
[Date "2008.09.08"]
[Round "4.7"]
[White "Meertens, Martin"]
[Black "Quinn, John M."]
[Result "1/2-1/2"]
[WhiteElo "2059"]
[BlackElo "2150"]
[PlyCount "60"]
[EventDate "2008.09.??"]
[EventType "swiss"]
[EventRounds "9"]
[Source "Ganslmayer"]
[SourceDate "2010.03.14"]
[WhiteTeamCountry "NED"]

1. e4 c5 2. Nf3 e6 3. d4 cxd4 4. Nxd4 Nc6 5. Be3 Nf6 6. f3 d5 7. Bb5 Bd7 8.
Bxc6 bxc6 9. e5 c5 10. Ne2 Ng8 11. O-O h5 12. c4 d4 13. Bf2 Rb8 14. b3 Bc6 15.
Nd2 Nh6 16. Qe1 Nf5 17. Ng3 Nxg3 18. hxg3 Be7 19. Kh2 Kf8 20. Rh1 g6 21. Kg1
Kg7 22. Ne4 Qc7 23. Nd2 a5 24. Rb1 Bg5 25. f4 Be7 26. Qe2 Qb7 27. Be1 Qa8 28.
a4 Qb7 29. Rh2 Ra8 30. Rh3 Rab8 1/2-1/2

[Event "Seefeld-Casino op 19th"]
[Site "Seefeld/Tirol (5.9.-13.9)"]
[Date "2008.09.08"]
[Round "4.8"]
[White "Jolowicz, Matias Dr"]
[Black "Schnegg, Daniel"]
[Result "1-0"]
[WhiteElo "2027"]
[BlackElo "1985"]
[PlyCount "59"]
[EventDate "2008.09.??"]
[EventType "swiss"]
[EventRounds "9"]
[Source "Ganslmayer"]
[SourceDate "2010.03.14"]
[WhiteTeam "Salzgitter SVG"]
[BlackTeam "AUT/Landeck"]
[BlackTeamCountry "AUT"]

1. c4 Nf6 2. g3 g6 3. Bg2 Bg7 4. Nc3 O-O 5. e4 d6 6. Nge2 c5 7. O-O Nc6 8. d3
a6 9. h3 Rb8 10. f4 Ne8 11. Rb1 b5 12. Kh2 Nc7 13. b3 e6 14. e5 d5 15. cxd5
exd5 16. d4 cxd4 17. Nxd4 Bb7 18. Nce2 Nxd4 19. Nxd4 f6 20. exf6 Bxf6 21. f5
Qd7 22. Bb2 Qg7 23. Rc1 Be5 24. Re1 gxf5 25. Rxe5 Qxe5 26. Qd2 Qe7 27. Qf4 Ne6
28. Qe5 Kf7 29. Nxe6 Rfc8 30. Qxf5+ 1-0

[Event "Seefeld-Casino op 19th"]
[Site "Seefeld/Tirol (5.9.-13.9)"]
[Date "2008.09.08"]
[Round "4.9"]
[White "Jandke, Manfred"]
[Black "Opitz, Christian"]
[Result "1/2-1/2"]
[WhiteElo "2119"]
[BlackElo "1939"]
[PlyCount "124"]
[EventDate "2008.09.??"]
[EventType "swiss"]
[EventRounds "9"]
[Source "Ganslmayer"]
[SourceDate "2010.03.14"]
[BlackTeamCountry "AUT"]

1. Nf3 Nf6 2. d4 e6 3. g3 d5 4. Bg2 c5 5. O-O Nc6 6. b3 Be7 7. Bb2 O-O 8. Nbd2
cxd4 9. Nxd4 Nxd4 10. Bxd4 b6 11. e4 Bb7 12. e5 Nd7 13. Re1 Qc7 14. c3 Rac8 15.
b4 Ba6 16. Re3 Nb8 17. f4 Nc6 18. Nf3 Bc4 19. Bh3 g6 20. g4 f5 21. exf6 Bxf6
22. Bxf6 Rxf6 23. g5 Rxf4 24. Bxe6+ Kg7 25. Bxc8 Qxc8 26. Qe1 Qf5 27. Re7+ Nxe7
28. Qxe7+ Kg8 29. Qe8+ Kg7 30. Qe5+ Qxe5 31. Nxe5 Rf5 32. Nc6 Rxg5+ 33. Kf2
Rf5+ 34. Kg3 Rf7 35. a4 Rc7 36. b5 a6 37. Nd4 Ra7 38. Nc6 Ra8 39. bxa6 Rxa6 40.
Nb4 Ra5 41. Nc6 Rc5 42. Nd4 Ra5 43. Nc6 Ra8 44. Nd4 Kf6 45. Kf4 g5+ 46. Ke3 h5
47. Rb1 Ra6 48. Rb2 Rxa4 49. Rxb6+ Kf7 50. Nf3 Ra2 51. Nxg5+ Kg7 52. h3 Re2+
53. Kf4 Rc2 54. Ne6+ Kf7 55. Kg5 Rxc3 56. Nf4 Re3 57. Kxh5 Be2+ 58. Kh4 d4 59.
Rd6 d3 60. Kg5 Re5+ 61. Kh4 Re3 62. Ng2 Re6 1/2-1/2

[Event "Seefeld-Casino op 19th"]
[Site "Seefeld/Tirol (5.9.-13.9)"]
[Date "2008.09.08"]
[Round "4.10"]
[White "Vrban, Damir"]
[Black "Strasser, Josef(64)"]
[Result "1-0"]
[WhiteElo "2207"]
[BlackElo "1936"]
[PlyCount "69"]
[EventDate "2008.09.??"]
[EventType "swiss"]
[EventRounds "9"]
[Source "Ganslmayer"]
[SourceDate "2010.03.14"]
[WhiteTeam "AUT/Absam"]
[BlackTeam "AUT/Tulfes"]
[WhiteTeamCountry "AUT"]
[BlackTeamCountry "AUT"]

1. g3 d5 2. Bg2 Nf6 3. Nf3 e6 4. O-O Bd6 5. c4 c6 6. b3 O-O 7. Bb2 b6 8. d3 Bb7
9. Nbd2 Qc7 10. Qc2 Nbd7 11. a3 Ne5 12. Rac1 Rac8 13. Nxe5 Bxe5 14. d4 Bd6 15.
e4 Nxe4 16. Nxe4 dxe4 17. Qxe4 Ba8 18. c5 Be7 19. f4 Bf6 20. Bc3 Qd7 21. f5
exf5 22. Rxf5 Rcd8 23. Rxf6 gxf6 24. Qf4 bxc5 25. dxc5 Qd3 26. Be4 Qe2 27. Bf3
Qd3 28. Qxf6 Qe3+ 29. Kg2 Rd2+ 30. Kh3 Qe6+ 31. Qxe6 fxe6 32. Bg4 Rfd8 33.
Bxe6+ Kf8 34. Bxd2 Rxd2 35. Rf1+ 1-0

[Event "Seefeld-Casino op 19th"]
[Site "Seefeld/Tirol (5.9.-13.9)"]
[Date "2008.09.08"]
[Round "4.11"]
[White "Schulze, Joachim"]
[Black "Kaye, Ferdinand"]
[Result "0-1"]
[WhiteElo "1981"]
[BlackElo "2042"]
[PlyCount "66"]
[EventDate "2008.09.??"]
[EventType "swiss"]
[EventRounds "9"]
[Source "Ganslmayer"]
[SourceDate "2010.03.14"]
[WhiteTeamCountry "AUT"]
[BlackTeamCountry "AUT"]

1. e4 g6 2. d4 Bg7 3. Nf3 d6 4. Bc4 e6 5. O-O a6 6. Re1 Nd7 7. Bg5 Ne7 8. c3 h6
9. Bh4 b6 10. Nbd2 Bb7 11. Qc2 g5 12. Bg3 Ng6 13. h3 Qe7 14. Nh2 Nf6 15. f3 Nh5
16. Ndf1 b5 17. Bb3 c5 18. Qd2 cxd4 19. cxd4 Nhf4 20. Ne3 Qd7 21. d5 exd5 22.
Nxd5 Bxd5 23. exd5+ Kf8 24. a4 Be5 25. Kh1 h5 26. Bd1 bxa4 27. Rxa4 Qb5 28. b3
Kg7 29. Ra5 Qb7 30. Bf2 Rhe8 31. Re4 Rac8 32. Rc4 Kg8 33. Rca4 Bc3 0-1

[Event "Seefeld-Casino op 19th"]
[Site "Seefeld/Tirol (5.9.-13.9)"]
[Date "2008.09.08"]
[Round "4.12"]
[White "Nachtkamp, Herbert"]
[Black "Jaenig, Reinhard"]
[Result "1/2-1/2"]
[WhiteElo "1970"]
[BlackElo "2110"]
[PlyCount "36"]
[EventDate "2008.09.??"]
[EventType "swiss"]
[EventRounds "9"]
[Source "Ganslmayer"]
[SourceDate "2010.03.14"]
[WhiteTeam "Norderstedt SK"]
[BlackTeam "Neu-Oelsnitz SV"]

1. d4 d5 2. Nf3 c6 3. e3 Bf5 4. c4 e6 5. Qb3 Qb6 6. Nc3 Nd7 7. Bd2 Qxb3 8. axb3
Bc2 9. b4 dxc4 10. b5 Bd3 11. bxc6 bxc6 12. Bxd3 cxd3 13. O-O c5 14. Nb5 Rb8
15. Nxa7 Bd6 16. Nc6 Rc8 17. Na7 Rb8 18. Nc6 Rc8 1/2-1/2

[Event "Seefeld-Casino op 19th"]
[Site "Seefeld/Tirol (5.9.-13.9)"]
[Date "2008.09.08"]
[Round "4.13"]
[White "Moroder, Stefan"]
[Black "Breedveld, Andre"]
[Result "0-1"]
[WhiteElo "2003"]
[BlackElo "2139"]
[PlyCount "81"]
[EventDate "2008.09.??"]
[EventType "swiss"]
[EventRounds "9"]
[Source "Ganslmayer"]
[SourceDate "2010.03.14"]

1. d4 d6 2. e4 Nf6 3. Nc3 Nbd7 4. Nf3 e5 5. h3 Be7 6. Be3 c6 7. Qd2 b5 8. Bd3
a6 9. g4 Bb7 10. g5 Nh5 11. h4 g6 12. O-O-O O-O 13. Rhg1 exd4 14. Nxd4 b4 15.
Nb1 c5 16. Ne2 Ne5 17. c4 Nf3 18. Qc2 Nxg1 19. Rxg1 Qa5 20. b3 Rfe8 21. Nd2 Bf8
22. Nf1 Qd8 23. f4 Bg7 24. Bf2 a5 25. Ne3 a4 26. bxa4 Qa5 27. Nd5 Bxd5 28. cxd5
c4 29. Bxc4 Rec8 30. Kb1 Qxa4 31. Qxa4 Rxa4 32. Bb3 Raa8 33. f5 Be5 34. Be1
Rab8 35. Bd2 Ng7 36. f6 Ne8 37. Nc1 Nc7 38. Nd3 Bc3 39. Bf4 Nb5 40. e5 Na3+ 41.
Kc1 0-1

[Event "Seefeld-Casino op 19th"]
[Site "Seefeld/Tirol (5.9.-13.9)"]
[Date "2008.09.08"]
[Round "4.14"]
[White "Fahnenschmidt, Gerhard Dr"]
[Black "Perkmann, Gottfried"]
[Result "1/2-1/2"]
[WhiteElo "1883"]
[BlackElo "1801"]
[PlyCount "82"]
[EventDate "2008.09.??"]
[EventType "swiss"]
[EventRounds "9"]
[Source "Ganslmayer"]
[SourceDate "2010.03.14"]
[WhiteTeam "Sindelfingen VfL"]
[BlackTeam "AUT/Innsbruck"]
[BlackTeamCountry "AUT"]

1. c4 Nf6 2. Nc3 c6 3. e4 d6 4. d4 g6 5. Bg5 h6 6. Bxf6 exf6 7. f4 Bg7 8. Be2
Nd7 9. g4 f5 10. h4 fxe4 11. h5 Nf6 12. hxg6 fxg6 13. g5 hxg5 14. Rxh8+ Bxh8
15. fxg5 Nh7 16. Nxe4 Nxg5 17. Ng3 Bf5 18. Nxf5 gxf5 19. Qd3 Qf6 20. Bh5+ Kd7
21. O-O-O Ne4 22. Qf3 Qg5+ 23. Kc2 Rf8 24. Ne2 Rg8 25. c5 d5 26. Nf4 Qg3 27.
Qxg3 Rxg3 28. Rf1 Bxd4 29. Bg6 Rg5 30. Rh1 Bxc5 31. Rh7+ Be7 32. Bf7 Kd6 33.
Rh6+ Bf6 34. Nh5 Ke5 35. Be8 Bg7 36. Rh7 Rg2+ 37. Kb1 Bf6 38. Rxb7 Kd6 39. Rd7+
Kc5 40. Rxa7 Rxb2+ 41. Kc1 Rc2+ 1/2-1/2

[Event "Seefeld-Casino op 19th"]
[Site "Seefeld/Tirol (5.9.-13.9)"]
[Date "2008.09.08"]
[Round "4.15"]
[White "Allgaier, Erik"]
[Black "Klein, Gereon"]
[Result "1-0"]
[WhiteElo "2135"]
[BlackElo "1846"]
[PlyCount "157"]
[EventDate "2008.09.??"]
[EventType "swiss"]
[EventRounds "9"]
[Source "Ganslmayer"]
[SourceDate "2010.03.14"]
[BlackTeamCountry "AUT"]

1. Nf3 c5 2. e3 g6 3. d4 Bg7 4. c3 cxd4 5. exd4 Nf6 6. Bd3 d6 7. O-O O-O 8. Bg5
h6 9. Bh4 Nbd7 10. Qb3 Qb6 11. Qxb6 Nxb6 12. Nbd2 d5 13. Rfe1 e6 14. Ne5 Nbd7
15. f4 Nh5 16. g3 Nxe5 17. dxe5 Bd7 18. Nb3 Rfc8 19. Be7 Bf8 20. Bxf8 Kxf8 21.
Nd4 a6 22. a4 Rc7 23. Kf2 Rac8 24. Ke3 Rc5 25. Ra3 R5c7 26. Rea1 Ng7 27. g4 h5
28. h3 Ke7 29. g5 Kd8 30. Rb3 Be8 31. Rb6 Re7 32. Ra3 Rcc7 33. h4 Kc8 34. Kd2
Rc5 35. Nc2 Rc6 36. Rbb3 Rc5 37. Nd4 Rcc7 38. Rb6 Rc5 39. Nb3 Rc6 40. Rxc6+
Bxc6 41. a5 Rc7 42. Ke3 Be8 43. Kd4 Bb5 44. Bb1 Rc4+ 45. Ke3 Rc7 46. Kf2 Bd7
47. Nd4 Be8 48. Bd3 Bd7 49. Ke3 Be8 50. Kd2 Bd7 51. Kc2 Be8 52. Kb3 Bd7 53. Kb4
Be8 54. Ra1 Bd7 55. Rc1 Be8 56. Rc2 Bd7 57. c4 dxc4 58. Rxc4 Rxc4+ 59. Kxc4 Kc7
60. Kc5 Be8 61. Nc2 Ba4 62. Ne3 Be8 63. Bc2 Bb5 64. Be4 Ne8 65. Nc2 Ng7 66. Na3
Bf1 67. Kd4 b6 68. b4 bxa5 69. bxa5 Ne8 70. Kc5 Ng7 71. Nc2 Be2 72. Nd4 Bf1 73.
Nc6 Be2 74. Ne7 Bf1 75. Ng8 Kd7 76. Kb6 Nf5 77. Nf6+ Ke7 78. Bxf5 gxf5 79. Nxh5
1-0

[Event "Seefeld-Casino op 19th"]
[Site "Seefeld/Tirol (5.9.-13.9)"]
[Date "2008.09.08"]
[Round "4.16"]
[White "Santl, Anton"]
[Black "Dalnodar, Bernhard"]
[Result "1/2-1/2"]
[WhiteElo "2026"]
[BlackElo "1989"]
[PlyCount "130"]
[EventDate "2008.09.??"]
[EventType "swiss"]
[EventRounds "9"]
[Source "Ganslmayer"]
[SourceDate "2010.03.14"]
[BlackTeamCountry "AUT"]

1. c4 Nf6 2. Nf3 g6 3. g3 Bg7 4. Bg2 d6 5. O-O O-O 6. Nc3 e5 7. d4 Nc6 8. d5
Ne7 9. e4 Ne8 10. Ne1 f5 11. Nd3 Nf6 12. f3 a5 13. Bd2 b6 14. Rc1 h6 15. a3 Ba6
16. b3 Nd7 17. Qc2 Nc5 18. Be3 Nxd3 19. Qxd3 f4 20. gxf4 exf4 21. Bd4 g5 22.
Bh3 Ng6 23. e5 Nxe5 24. Bxe5 dxe5 25. Rfe1 Bc8 26. Bxc8 Rxc8 27. Ne4 c5 28. d6
Qd7 29. Rc2 Rcd8 30. Rg2 Qh3 31. Rd1 Rf7 32. Rg4 Rfd7 33. Qd5+ Kh8 34. Rd3 Qh5
35. Qc6 Qg6 36. Qxb6 Bf8 37. Qxc5 Bxd6 38. Rxd6 Rxd6 39. Qxe5+ Kg8 40. Nxd6
Rxd6 41. Qe4 Rd1+ 42. Kg2 Rd2+ 43. Kh1 Qh5 44. Qxf4 Ra2 45. h4 Rxa3 46. Qb8+
Kg7 47. Qe5+ Kg8 48. Qb2 Qf7 49. Kg2 Qe7 50. Re4 Qd6 51. hxg5 hxg5 52. Rg4 Qe7
53. Qc2 Kg7 54. c5 Rxb3 55. Rd4 Re3 56. Kf2 Qe5 57. Rd7+ Kf8 58. Qc4 Rxf3+ 59.
Kxf3 Qf5+ 60. Kg2 Qxd7 61. c6 Qd2+ 62. Kg1 Qe3+ 63. Kg2 Qd2+ 64. Kg1 Qe1+ 65.
Kg2 Qd2+ 1/2-1/2

[Event "Seefeld-Casino op 19th"]
[Site "Seefeld/Tirol (5.9.-13.9)"]
[Date "2008.09.08"]
[Round "4.17"]
[White "Gatterer, Matthias"]
[Black "Oettinger, Hagen"]
[Result "1-0"]
[WhiteElo "2081"]
[BlackElo "2018"]
[PlyCount "27"]
[EventDate "2008.09.??"]
[EventType "swiss"]
[EventRounds "9"]
[Source "Ganslmayer"]
[SourceDate "2010.03.14"]
[BlackTeamCountry "AUT"]

1. d4 Nf6 2. Nf3 b5 3. g3 Bb7 4. Bg2 e6 5. O-O Be7 6. Bg5 O-O 7. c3 d6 8. Qd3
Nbd7 9. Qxb5 Rb8 10. Qa4 Be4 11. b4 Nb6 12. Qb3 c5 13. Nbd2 cxb4 14. Bxf6 1-0

[Event "Seefeld-Casino op 19th"]
[Site "Seefeld/Tirol (5.9.-13.9)"]
[Date "2008.09.08"]
[Round "4.18"]
[White "Stock, Juergen(56)"]
[Black "Thoeny, Hermann"]
[Result "0-1"]
[WhiteElo "1886"]
[BlackElo "1920"]
[PlyCount "72"]
[EventDate "2008.09.??"]
[EventType "swiss"]
[EventRounds "9"]
[Source "Ganslmayer"]
[SourceDate "2010.03.14"]
[WhiteTeam "Eschborn SC"]
[BlackTeam "AUT/Kundl"]
[BlackTeamCountry "AUT"]

1. d4 Nf6 2. c3 d6 3. Bg5 Nbd7 4. f4 h6 5. Bh4 Nd5 6. Nh3 c6 7. e4 Ne3 8. Qd3
Nxf1 9. Rxf1 Qb6 10. b3 Nf6 11. Bxf6 gxf6 12. Nf2 Rg8 13. g3 Bd7 14. Nd2 d5 15.
O-O-O e6 16. Rfe1 O-O-O 17. Kb1 Kb8 18. Qf3 f5 19. e5 c5 20. dxc5 Bxc5 21. Nd3
Be7 22. Nb2 Rc8 23. Rc1 Bc6 24. Qh5 Rg6 25. Qe2 Bd7 26. Nf3 Rg4 27. Red1 Bb5
28. c4 Ba6 29. Nd4 Rgg8 30. Ka1 Ba3 31. Rc2 Rgd8 32. Rd3 dxc4 33. Nxc4 Bxc4 34.
bxc4 Rxc4 35. Rxa3 Rdc8 36. Rac3 Qxd4 0-1

[Event "Seefeld-Casino op 19th"]
[Site "Seefeld/Tirol (5.9.-13.9)"]
[Date "2008.09.08"]
[Round "4.19"]
[White "Lundberg, Roland"]
[Black "Neubauer, Kai(65)"]
[Result "1/2-1/2"]
[WhiteElo "2045"]
[BlackElo "1981"]
[PlyCount "109"]
[EventDate "2008.09.??"]
[EventType "swiss"]
[EventRounds "9"]
[Source "Ganslmayer"]
[SourceDate "2010.03.14"]
[BlackTeamCountry "AUT"]

1. c4 c5 2. Nf3 Nc6 3. d4 cxd4 4. Nxd4 Nf6 5. Nc3 g6 6. e4 d6 7. Be2 Bg7 8. Be3
O-O 9. O-O Bd7 10. Qd2 Rc8 11. Nxc6 Bxc6 12. f3 b6 13. Rfd1 Qc7 14. Rac1 Rfd8
15. Bg5 Qb7 16. Qe1 h6 17. Be3 e6 18. g4 d5 19. cxd5 exd5 20. e5 Nh7 21. f4 g5
22. Bb5 Bxb5 23. Nxb5 gxf4 24. Bxf4 Qd7 25. Qe2 Ng5 26. Bxg5 hxg5 27. Rxc8 Qxc8
28. h3 Qc5+ 29. Nd4 Re8 30. Qf2 Bxe5 31. Nf3 Qxf2+ 32. Kxf2 Bxb2 33. Rxd5 Bf6
34. Nxg5 Rc8 35. Ne4 Bh4+ 36. Kf3 Rc2 37. Rd2 Rc1 38. g5 Rg1 39. Rg2 Rf1+ 40.
Kg4 Be1 41. Rh2 Rg1+ 42. Kf3 Bh4 43. Rg2 Rxg2 44. Kxg2 b5 45. Kf3 b4 46. Kg4
Be1 47. Nc5 Kg7 48. h4 Bc3 49. Kf5 Bd4 50. Na4 a5 51. h5 Bc3 52. Ke4 Bd2 53.
Kf5 Be3 54. Nb2 Bd4 55. Na4 1/2-1/2

[Event "Seefeld-Casino op 19th"]
[Site "Seefeld/Tirol (5.9.-13.9)"]
[Date "2008.09.08"]
[Round "4.20"]
[White "Willin, Bernhard"]
[Black "Vonach, Bernhard Dr"]
[Result "1-0"]
[WhiteElo "1749"]
[BlackElo "1817"]
[PlyCount "75"]
[EventDate "2008.09.??"]
[EventType "swiss"]
[EventRounds "9"]
[Source "Ganslmayer"]
[SourceDate "2010.03.14"]
[WhiteTeam "SUI/Grenzach"]
[BlackTeam "Windach Sfr."]
[WhiteTeamCountry "SUI"]

1. d4 Nf6 2. Nf3 g6 3. e3 Bg7 4. Be2 O-O 5. O-O d5 6. b3 b6 7. Bb2 Bb7 8. Nbd2
Nbd7 9. c4 c5 10. Rc1 Rc8 11. Qc2 cxd4 12. exd4 dxc4 13. bxc4 Nd5 14. Rfd1 Nf4
15. Bf1 Qc7 16. Qb3 Qb8 17. Qe3 Rfe8 18. g3 Ne6 19. Bh3 Nef8 20. Ba3 e5 21. d5
f5 22. Nb3 e4 23. Nfd4 Ne5 24. Bf1 Ng4 25. Qe2 Bh6 26. Rc3 e3 27. f3 Nf2 28. f4
Nxd1 29. Qxd1 Bxd5 30. Nxf5 Bxf4 31. Qxd5+ Ne6 32. gxf4 Qxf4 33. Nxe3 Rcd8 34.
Qg2 Ng5 35. Nd5 Rxd5 36. Qxd5+ Re6 37. Bc1 Nf3+ 38. Rxf3 1-0

[Event "Seefeld-Casino op 19th"]
[Site "Seefeld/Tirol (5.9.-13.9)"]
[Date "2008.09.08"]
[Round "4.21"]
[White "Wiesbeck, Florian"]
[Black "Schmidt, Wolfgang(50)"]
[Result "1/2-1/2"]
[WhiteElo "1887"]
[BlackElo "2023"]
[PlyCount "24"]
[EventDate "2008.09.??"]
[EventType "swiss"]
[EventRounds "9"]
[Source "Ganslmayer"]
[SourceDate "2010.03.14"]
[WhiteTeamCountry "SUI"]

1. d4 g6 2. c4 Bg7 3. Nc3 Nf6 4. e4 d6 5. f3 O-O 6. Be3 Nc6 7. Nge2 a6 8. Qd2
Re8 9. Rc1 Bd7 10. Nd1 Rb8 11. g3 e6 12. Bg2 b5 1/2-1/2

[Event "Seefeld-Casino op 19th"]
[Site "Seefeld/Tirol (5.9.-13.9)"]
[Date "2008.09.08"]
[Round "4.22"]
[White "Lins, Philipp"]
[Black "Mertens, Klaus"]
[Result "1/2-1/2"]
[WhiteElo "2008"]
[BlackElo "2001"]
[PlyCount "103"]
[EventDate "2008.09.??"]
[EventType "swiss"]
[EventRounds "9"]
[Source "Ganslmayer"]
[SourceDate "2010.03.14"]
[WhiteTeamCountry "SUI"]

1. Nf3 c5 2. g3 Nc6 3. Bg2 g6 4. O-O Bg7 5. d3 e6 6. e4 d6 7. c3 Nge7 8. Bg5
O-O 9. a4 h6 10. Be3 Kh7 11. Nbd2 Rb8 12. Ne1 a6 13. f4 e5 14. h3 Be6 15. g4
exf4 16. Bxf4 b5 17. axb5 axb5 18. Ndf3 b4 19. d4 Bc4 20. Rf2 bxc3 21. bxc3 Bb3
22. Qd2 cxd4 23. cxd4 Rb6 24. Rb1 d5 25. e5 Bc4 26. Rc1 Qa8 27. Nd3 Bxd3 28.
Qxd3 Nd8 29. Rfc2 Ne6 30. Be3 Rfb8 31. h4 Rb3 32. Rc3 Qa3 33. h5 Qb2 34. hxg6+
fxg6 35. R1c2 Qb1+ 36. Kh2 Rxc3 37. Rxc3 Qxd3 38. Rxd3 Rb4 39. Kg1 h5 40. gxh5
gxh5 41. Bh3 Nf8 42. Bg5 Nfg6 43. Kf2 Bh6 44. Kg3 Bxg5 45. Nxg5+ Kg7 46. Ne6+
Kh6 47. Nf4 Nc6 48. Nxd5 Rxd4 49. Rxd4 Nxd4 50. e6 Kg7 51. Nf4 Nxf4 52. Kxf4
1/2-1/2

[Event "Seefeld-Casino op 19th"]
[Site "Seefeld/Tirol (5.9.-13.9)"]
[Date "2008.09.08"]
[Round "4.23"]
[White "Schumacher, Helmut(31)"]
[Black "Russ, Colin A.H."]
[Result "1/2-1/2"]
[WhiteElo "1972"]
[BlackElo "1912"]
[PlyCount "102"]
[EventDate "2008.09.??"]
[EventType "swiss"]
[EventRounds "9"]
[Source "Ganslmayer"]
[SourceDate "2010.03.14"]
[WhiteTeamCountry "SUI"]

1. d4 d5 2. Nc3 Nf6 3. Bg5 e6 4. e4 dxe4 5. Nxe4 Be7 6. Bxf6 Bxf6 7. Nf3 O-O 8.
Qd2 b6 9. O-O-O Bb7 10. Qf4 Bxe4 11. Qxe4 Qd5 12. Bd3 g6 13. c4 Qxe4 14. Bxe4
c6 15. Rd3 Na6 16. Ra3 Nb4 17. Rb3 Na6 18. Kb1 Nc7 19. Bxc6 Rad8 20. Rd1 Rd6
21. Be4 Rfd8 22. Rbd3 Kf8 23. g4 Ke7 24. g5 Bg7 25. Kc2 f5 26. gxf6+ Bxf6 27.
b4 Rc8 28. Kb3 Rcd8 29. Ne5 Bxe5 30. dxe5 Rxd3+ 31. Rxd3 Rxd3+ 32. Bxd3 Kd7 33.
Kc3 Kc6 34. Be4+ Kd7 35. a4 Kc8 36. c5 b5 37. a5 Na6 38. Bc6 Nc7 39. Kd4 Kd8
40. Bb7 Kd7 41. c6+ Ke8 42. Kc5 g5 43. Kd6 Kd8 44. f3 h6 45. h3 h5 46. Kc5 Ke7
47. Kd4 Nd5 48. Kc5 Nc7 49. Bc8 Kd8 50. Bb7 Ke7 51. a6 h4 1/2-1/2

[Event "Seefeld-Casino op 19th"]
[Site "Seefeld/Tirol (5.9.-13.9)"]
[Date "2008.09.08"]
[Round "4.24"]
[White "Ranker, Klemens"]
[Black "Erhart, Uwe"]
[Result "1-0"]
[WhiteElo "1862"]
[BlackElo "1954"]
[PlyCount "31"]
[EventDate "2008.09.??"]
[EventType "swiss"]
[EventRounds "9"]
[Source "Ganslmayer"]
[SourceDate "2010.03.14"]
[WhiteTeamCountry "SUI"]

1. e4 c5 2. Bc4 d6 3. Nc3 Nf6 4. d3 g6 5. Bd2 Bg7 6. Nge2 Nc6 7. O-O O-O 8. Ng3
a6 9. a4 Bd7 10. f4 Nd4 11. f5 b5 12. axb5 axb5 13. Ba2 b4 14. Nce2 Nxe2+ 15.
Qxe2 Ra7 16. Bxf7+ 1-0

[Event "Seefeld-Casino op 19th"]
[Site "Seefeld/Tirol (5.9.-13.9)"]
[Date "2008.09.08"]
[Round "4.26"]
[White "Ganslmayer, Herbert"]
[Black "Pregl, Walter"]
[Result "0-1"]
[WhiteElo "1724"]
[BlackElo "2257"]
[PlyCount "60"]
[EventDate "2008.09.??"]
[EventType "swiss"]
[EventRounds "9"]
[Source "Ganslmayer"]
[SourceDate "2010.03.14"]
[WhiteTeamCountry "SUI"]

1. e4 c5 2. Nf3 d6 3. d3 Nc6 4. g3 g6 5. Bg2 Bg7 6. Nbd2 e6 7. O-O Nge7 8. Nh4
Bd7 9. f4 Qc7 10. c3 O-O-O 11. a4 f5 12. Rb1 h6 13. b4 Bxc3 14. b5 Na5 15. Bb2
Bxb2 16. Rxb2 g5 17. Nhf3 gxf4 18. gxf4 Ng6 19. Ne1 Nh4 20. Ndf3 Nxg2 21. Rxg2
Rdg8 22. Rff2 Qd8 23. exf5 exf5 24. Qa1 Be6 25. Qc3 b6 26. Nd4 Bd5 27. Nef3 Qf6
28. Qc1 Rxg2+ 29. Rxg2 Kb7 30. Nc6 Bxf3 0-1

[Event "Seefeld-Casino op 19th"]
[Site "Seefeld/Tirol (5.9.-13.9)"]
[Date "2008.09.08"]
[Round "4.27"]
[White "Voss, Ingo"]
[Black "Werner, Bernd(56)"]
[Result "1/2-1/2"]
[WhiteElo "2019"]
[BlackElo "1721"]
[PlyCount "56"]
[EventDate "2008.09.??"]
[EventType "swiss"]
[EventRounds "9"]
[Source "Ganslmayer"]
[SourceDate "2010.03.14"]
[WhiteTeamCountry "SUI"]

1. e4 e6 2. d4 d5 3. Nc3 Bb4 4. exd5 exd5 5. Bd3 Nf6 6. Bg5 h6 7. Bh4 O-O 8.
Nge2 Re8 9. Qd2 c6 10. O-O-O Be6 11. f4 Bg4 12. Rde1 Bxe2 13. Rxe2 Rxe2 14.
Qxe2 Nbd7 15. g4 Qc7 16. Qf3 Bxc3 17. bxc3 Re8 18. g5 Ne4 19. gxh6 Qd6 20. Qg4
g6 21. Re1 Qa3+ 22. Kd1 Nxc3+ 23. Kd2 Rxe1 24. Bxe1 Nf6 25. Qc8+ Kh7 26. Qxb7
Nfe4+ 27. Bxe4 Nxe4+ 28. Ke2 Kxh6 1/2-1/2